[Event "Open Praha 2018 - A"]
[Site "?"]
[Date "2018.01.13"]
[Round "3"]
[White "Lee, Qing Aun"]
[Black "Low, Zhen Yu Cyrus"]
[Result "0-1"]
[BlackElo "2437"]
[WhiteElo "2277"]
[LiveChessVersion "1.4.8"]

1. e4 {[%clk 1:30:13]} c5 {[%clk 1:30:55]} 2. Nf3 {[%clk 1:30:35]} d6
{[%clk 1:31:16]} 3. d4 {[%clk 1:30:54]} cxd4 {[%clk 1:31:42]} 4. Nxd4
{[%clk 1:31:17]} Nf6 {[%clk 1:32:09]} 5. Nc3 {[%clk 1:31:34]} Nc6
{[%clk 1:32:34]} 6. Bg5 {[%clk 1:31:39]} e6 {[%clk 1:32:59]} 7. Qd2
{[%clk 1:32:03]} a6 {[%clk 1:33:25]} 8. O-O-O {[%clk 1:31:56]} Bd7
{[%clk 1:33:51]} 9. f4 {[%clk 1:32:19]} h6 {[%clk 1:34:16]} 10. Bh4
{[%clk 1:32:33]} b5 {[%clk 1:34:33]} 11. Bxf6 {[%clk 1:32:57]} gxf6
{[%clk 1:34:58]} 12. Nxc6 {[%clk 1:32:56]} Bxc6 {[%clk 1:33:55]} 13. f5
{[%clk 1:33:11]} h5 {[%clk 1:21:45]} 14. Kb1 {[%clk 1:24:21]} Qb6
{[%clk 1:21:05]} 15. Qe1 {[%clk 1:23:39]} Be7 {[%clk 1:17:26]} 16. Ne2
{[%clk 1:11:55]} Qe3 {[%clk 1:15:34]} 17. Nd4 {[%clk 1:09:28]} Qxe1
{[%clk 1:15:57]} 18. Rxe1 {[%clk 1:09:57]} Bd7 {[%clk 1:16:10]} 19. g3
{[%clk 1:08:19]} Bd8 {[%clk 1:12:12]} 20. Bg2 {[%clk 1:03:36]} Rc8
{[%clk 1:12:28]} 21. Rhf1 {[%clk 1:03:23]} Ke7 {[%clk 1:07:53]} 22. Ne2
{[%clk 0:57:08]} Bb6 {[%clk 0:54:59]} 23. Nf4 {[%clk 0:57:10]} Rcg8
{[%clk 0:54:00]} 24. Bf3 {[%clk 0:57:25]} Rg5 {[%clk 0:50:18]} 25. Nh3
{[%clk 0:56:00]} Rgg8 {[%clk 0:50:43]} 26. Nf4 {[%clk 0:56:26]} h4
{[%clk 0:50:52]} 27. g4 {[%clk 0:55:57]} h3 {[%clk 0:50:07]} 28. c3
{[%clk 0:44:28]} a5 {[%clk 0:37:39]} 29. Rd1 {[%clk 0:43:03]} Bc7
{[%clk 0:31:24]} 30. Ne2 {[%clk 0:37:23]} d5 {[%clk 0:30:03]} 31. exd5
{[%clk 0:35:03]} Bxh2 {[%clk 0:24:01]} 32. dxe6 {[%clk 0:34:11]} fxe6
{[%clk 0:24:24]} 33. fxe6 {[%clk 0:34:16]} Bxe6 {[%clk 0:24:02]} 34. Nd4
{[%clk 0:34:29]} Bxg4 {[%clk 0:21:38]} 35. Rde1+ {[%clk 0:15:48]} Be5
{[%clk 0:20:26]} 36. Nc6+ {[%clk 0:12:32]} Ke6 {[%clk 0:19:42]} 37. Nd4+
{[%clk 0:11:01]} Kd6 {[%clk 0:18:19]} 38. Nxb5+ {[%clk 0:09:28]} Kc5
{[%clk 0:18:41]} 39. Nd4 {[%clk 0:09:52]} h2 {[%clk 0:17:18]} 40. Nb3+
{[%clk 0:06:21]} Kb6 {[%clk 0:16:16]} 41. Nd2 Bf4 {[%clk 0:09:54]} 42. Bxg4
{[%clk 0:02:53]} Bxd2 {[%clk 0:06:46]} 43. Rxf6+ {[%clk 0:26:49]} Kc7
{[%clk 0:37:09]} 44. Rf7+ {[%clk 0:24:39]} Kb8 {[%clk 0:37:15]} 0-1

[Event "Open Praha 2018 - A"]
[Site "?"]
[Date "2018.01.13"]
[Round "3"]
[White "Pantzar, Milton"]
[Black "Lalic, Bogdan"]
[Result "1/2-1/2"]
[BlackElo "2415"]
[WhiteElo "2268"]
[LiveChessVersion "1.4.8"]

1. e4 {[%clk 1:30:55]} e6 {[%clk 1:17:38]} 2. d4 {[%clk 1:24:45]} d5
{[%clk 1:18:02]} 3. exd5 {[%clk 1:25:08]} exd5 {[%clk 1:18:24]} 4. Nf3
{[%clk 1:25:30]} Nc6 {[%clk 1:17:37]} 5. Bf4 {[%clk 1:15:05]} Bd6
{[%clk 1:17:43]} 6. Bxd6 {[%clk 1:10:12]} Qxd6 {[%clk 1:18:05]} 7. Nbd2
{[%clk 1:09:27]} Nge7 {[%clk 1:17:48]} 8. Bb5 {[%clk 0:58:10]} O-O
{[%clk 1:17:26]} 9. O-O {[%clk 0:57:36]} Qb4 {[%clk 1:13:50]} 10. Bxc6
{[%clk 0:55:27]} Nxc6 {[%clk 1:14:14]} 11. Nb3 {[%clk 0:54:31]} Bg4
{[%clk 1:12:13]} 12. c3 {[%clk 0:54:29]} Qd6 {[%clk 1:12:09]} 13. Qd3
{[%clk 0:51:25]} Rfe8 {[%clk 1:08:29]} 14. Rfe1 {[%clk 0:51:21]} h6
{[%clk 1:08:08]} 15. Nfd2 {[%clk 0:47:06]} Rad8 {[%clk 1:07:10]} 16. Re3
{[%clk 0:42:03]} Rxe3 {[%clk 1:03:08]} 17. Qxe3 {[%clk 0:41:20]} b6
{[%clk 1:02:40]} 18. Re1 {[%clk 0:39:57]} Bd7 {[%clk 1:02:46]} 19. Nf3
{[%clk 0:36:29]} Re8 {[%clk 1:01:23]} 20. Qd2 {[%clk 0:34:37]} Rxe1+
{[%clk 1:01:05]} 21. Qxe1 {[%clk 0:34:49]} Qe7 {[%clk 1:01:20]} 22. Qxe7
{[%clk 0:29:10]} Nxe7 {[%clk 1:01:44]} 23. Nbd2 {[%clk 0:29:17]} f6
{[%clk 1:01:57]} 24. Ne1 {[%clk 0:29:04]} g5 {[%clk 1:02:10]} 25. g3
{[%clk 0:26:28]} Kf7 {[%clk 1:02:29]} 26. f3 {[%clk 0:25:54]} Ke6
{[%clk 1:02:26]} 27. Kf2 {[%clk 0:26:09]} a5 {[%clk 1:01:17]} 28. Ng2
{[%clk 0:25:21]} Kd6 {[%clk 0:58:35]} 29. f4 {[%clk 0:23:33]} c5 {[%clk 0:51:43]}
30. fxg5 {[%clk 0:19:08]} fxg5 {[%clk 0:52:05]} 31. Nf3 {[%clk 0:18:29]} Nc6
{[%clk 0:48:29]} 32. Ke3 {[%clk 0:14:31]} Bg4 {[%clk 0:37:55]} 33. Nd2
{[%clk 0:09:55]} c4 {[%clk 0:27:26]} 34. Kf2 {[%clk 0:08:03]} b5 {[%clk 0:27:44]}
35. Ne3 {[%clk 0:08:07]} Be6 {[%clk 0:28:02]} 36. a3 {[%clk 0:06:24]} b4
{[%clk 0:28:24]} 37. axb4 {[%clk 0:06:48]} axb4 {[%clk 0:28:49]} 38. Nf3
{[%clk 0:05:39]} b3 {[%clk 0:25:45]} 39. h4 {[%clk 0:03:03]} Ke7 {[%clk 0:17:38]}
40. hxg5 {[%clk 0:02:18]} hxg5 {[%clk 0:18:07]} 41. Ke2 {[%clk 0:22:38]} Kf6
{[%clk 0:48:25]} 1/2-1/2

[Event "Open Praha 2018 - A"]
[Site "?"]
[Date "2018.01.13"]
[Round "3"]
[White "Michalczak, Thomas"]
[Black "Moehn, Hans"]
[Result "1/2-1/2"]
[BlackElo "2378"]
[WhiteElo "2208"]
[LiveChessVersion "1.4.8"]

1. e4 {[%clk 1:27:13]} c6 {[%clk 1:30:40]} 2. d4 {[%clk 1:27:15]} d5
{[%clk 1:31:05]} 3. e5 {[%clk 1:27:41]} Bf5 {[%clk 1:31:23]} 4. g4
{[%clk 1:28:06]} Be4 {[%clk 1:29:11]} 5. f3 {[%clk 1:28:30]} Bg6 {[%clk 1:29:36]}
6. Ne2 {[%clk 1:28:38]} e6 {[%clk 1:28:12]} 7. h4 {[%clk 1:29:03]} h5
{[%clk 1:25:12]} 8. Nf4 {[%clk 1:29:28]} Bh7 {[%clk 1:24:14]} 9. Nxh5
{[%clk 1:29:52]} Bg6 {[%clk 1:23:36]} 10. Nf4 {[%clk 1:30:17]} Rxh4
{[%clk 1:23:31]} 11. Bh3 {[%clk 1:30:42]} Ne7 {[%clk 1:15:06]} 12. Nc3
{[%clk 1:31:07]} c5 {[%clk 1:04:01]} 13. dxc5 {[%clk 1:31:11]} Nbc6
{[%clk 0:58:56]} 14. Kf2 {[%clk 1:04:51]} Nxe5 {[%clk 0:52:29]} 15. Kg3
{[%clk 0:58:44]} N7c6 {[%clk 0:47:44]} 16. Ng2 {[%clk 0:55:24]} Rh8
{[%clk 0:44:43]} 17. f4 {[%clk 0:55:37]} d4 {[%clk 0:40:38]} 18. Nb5
{[%clk 0:53:40]} a6 {[%clk 0:32:35]} 19. Nd6+ {[%clk 0:53:55]} Bxd6
{[%clk 0:32:59]} 20. cxd6 {[%clk 0:54:17]} Nc4 {[%clk 0:32:38]} 21. Qe2
{[%clk 0:50:16]} Nxd6 {[%clk 0:31:02]} 22. f5 {[%clk 0:50:12]} Nxf5+
{[%clk 0:29:06]} 23. gxf5 {[%clk 0:50:25]} Bxf5 {[%clk 0:29:30]} 24. Bf4
{[%clk 0:48:12]} Bxh3 {[%clk 0:29:11]} 25. Rxh3 {[%clk 0:46:14]} Rxh3+
{[%clk 0:29:36]} 26. Kxh3 {[%clk 0:46:36]} Qf6 {[%clk 0:24:56]} 27. Kg3
{[%clk 0:25:42]} O-O-O {[%clk 0:24:16]} 28. Rf1 {[%clk 0:25:17]} Rd5
{[%clk 0:21:16]} 29. Rf3 {[%clk 0:24:09]} Rf5 {[%clk 0:19:26]} 30. c3
{[%clk 0:22:17]} e5 {[%clk 0:17:28]} 31. Bd2 {[%clk 0:22:29]} Rxf3+
{[%clk 0:17:08]} 32. Qxf3 {[%clk 0:22:53]} Qxf3+ {[%clk 0:17:19]} 33. Kxf3
{[%clk 0:23:17]} dxc3 {[%clk 0:16:17]} 34. Bxc3 {[%clk 0:23:30]} Kd7
{[%clk 0:16:33]} 35. Ne3 {[%clk 0:21:38]} Ke6 {[%clk 0:16:14]} 36. Kg4
{[%clk 0:22:00]} b5 {[%clk 0:08:32]} 37. a3 {[%clk 0:20:32]} Ne7 {[%clk 0:05:47]}
38. Bb4 {[%clk 0:20:10]} Ng8 {[%clk 0:05:05]} 39. Kg5 {[%clk 0:19:53]} Nf6
{[%clk 0:04:57]} 40. Nf5 {[%clk 0:11:18]} Ne4+ {[%clk 0:05:14]} 41. Kg4
{[%clk 0:11:42]} g6 {[%clk 0:01:58]} 42. Ng7+ {[%clk 0:12:02]} Kd5
{[%clk 0:27:59]} 43. Ne8 {[%clk 0:39:07]} f5+ {[%clk 0:27:13]} 44. Kf3
{[%clk 0:39:30]} g5 {[%clk 0:24:10]} 45. Nc7+ {[%clk 0:37:56]} Kc4
{[%clk 0:23:02]} 46. Nxa6 {[%clk 0:33:31]} g4+ {[%clk 0:22:17]} 47. Ke3
{[%clk 0:30:25]} Ng5 {[%clk 0:20:22]} 48. Nc5 {[%clk 0:20:03]} f4+
{[%clk 0:18:58]} 49. Kf2 {[%clk 0:20:24]} e4 {[%clk 0:16:30]} 50. Nd7
{[%clk 0:15:38]} e3+ {[%clk 0:10:26]} 51. Kf1 {[%clk 0:10:42]} g3
{[%clk 0:08:10]} 52. Ne5+ {[%clk 0:08:53]} Kd4 {[%clk 0:06:30]} 53. Bc3+
{[%clk 0:08:58]} Ke4 {[%clk 0:06:54]} 54. Kg2 {[%clk 0:09:17]} e2
{[%clk 0:04:32]} 55. b3 {[%clk 0:08:50]} Ke3 {[%clk 0:01:49]} 56. Be1
{[%clk 0:03:46]} f3+ {[%clk 0:01:35]} 57. Kxg3 {[%clk 0:02:02]} Ne4+
{[%clk 0:02:03]} 58. Kh2 {[%clk 0:02:13]} f2 {[%clk 0:01:37]} 59. Ng4+
{[%clk 0:02:38]} Kf3 {[%clk 0:02:01]} 60. Nxf2 {[%clk 0:01:28]} Nxf2
{[%clk 0:02:29]} 61. a4 {[%clk 0:01:44]} Nd3 {[%clk 0:01:13]} 62. Bd2
{[%clk 0:02:12]} bxa4 {[%clk 0:00:35]} 63. bxa4 {[%clk 0:02:38]} Nc5
{[%clk 0:00:41]} 64. a5 {[%clk 0:02:42]} Kf2 {[%clk 0:00:44]} 65. Kh3
{[%clk 0:02:22]} Ne4 {[%clk 0:00:32]} 66. Bb4 {[%clk 0:02:29]} Ke3
{[%clk 0:00:36]} 67. Kg2 {[%clk 0:01:40]} Nd2 {[%clk 0:00:36]} 68. Bc5+
{[%clk 0:02:05]} Ke4 {[%clk 0:00:34]} 69. Kf2 {[%clk 0:01:15]} Kd5
{[%clk 0:01:00]} 1/2-1/2

[Event "Open Praha 2018 - A"]
[Site "?"]
[Date "2018.01.13"]
[Round "3"]
[White "Luukkonen, Tommi"]
[Black "Novy, Filip"]
[Result "1-0"]
[BlackElo "2217"]
[WhiteElo "2331"]
[LiveChessVersion "1.4.8"]

1. e4 {[%clk 1:30:50]} c5 {[%clk 1:30:10]} 2. Nf3 {[%clk 1:31:11]} e6
{[%clk 1:30:36]} 3. d3 {[%clk 1:31:35]} Nc6 {[%clk 1:30:22]} 4. g3
{[%clk 1:32:00]} d5 {[%clk 1:28:55]} 5. Qe2 {[%clk 1:32:24]} Nf6 {[%clk 1:21:44]}
6. Bg2 {[%clk 1:32:37]} Be7 {[%clk 1:20:56]} 7. O-O {[%clk 1:32:59]} O-O
{[%clk 1:20:43]} 8. e5 {[%clk 1:33:23]} Nd7 {[%clk 1:20:40]} 9. c4
{[%clk 1:33:48]} dxc4 {[%clk 1:17:37]} 10. dxc4 {[%clk 1:34:11]} Qc7
{[%clk 1:17:13]} 11. Bf4 {[%clk 1:32:49]} a6 {[%clk 1:16:15]} 12. Nc3
{[%clk 1:31:29]} Rb8 {[%clk 1:15:50]} 13. Nd5 {[%clk 1:27:11]} exd5
{[%clk 1:09:18]} 14. cxd5 {[%clk 1:22:24]} Ncxe5 {[%clk 1:05:55]} 15. Nxe5
{[%clk 1:22:46]} Bd6 {[%clk 1:05:09]} 16. Nd3 {[%clk 1:19:40]} Nf6
{[%clk 0:47:12]} 17. Rac1 {[%clk 1:18:42]} b6 {[%clk 0:41:43]} 18. b4
{[%clk 1:17:29]} Bxf4 {[%clk 0:39:56]} 19. Nxf4 {[%clk 1:17:32]} Bb7
{[%clk 0:36:49]} 20. Rfd1 {[%clk 1:16:57]} Qd6 {[%clk 0:35:54]} 21. bxc5
{[%clk 1:17:08]} bxc5 {[%clk 0:36:17]} 22. Qc4 {[%clk 1:16:02]} Rfc8
{[%clk 0:33:34]} 23. Ne6 {[%clk 1:15:15]} Nd7 {[%clk 0:21:28]} 24. Ng5
{[%clk 1:07:19]} Nf6 {[%clk 0:21:19]} 25. Ne6 {[%clk 1:05:04]} Nd7
{[%clk 0:21:43]} 26. Nf4 {[%clk 0:50:29]} Nf6 {[%clk 0:21:35]} 27. Rd2
{[%clk 0:47:34]} h6 {[%clk 0:20:26]} 28. h4 {[%clk 0:43:48]} Ba8 {[%clk 0:16:39]}
29. a3 {[%clk 0:44:00]} Rc7 {[%clk 0:16:28]} 30. Bf3 {[%clk 0:39:47]} Rd8
{[%clk 0:15:10]} 31. Rcd1 {[%clk 0:38:59]} Re7 {[%clk 0:15:12]} 32. h5
{[%clk 0:35:43]} Rde8 {[%clk 0:13:28]} 33. Rc2 {[%clk 0:34:34]} Rc7
{[%clk 0:13:07]} 34. a4 {[%clk 0:33:45]} Rb8 {[%clk 0:12:53]} 35. Rdc1
{[%clk 0:28:43]} a5 {[%clk 0:10:10]} 36. Qc3 {[%clk 0:28:50]} Rb4
{[%clk 0:08:41]} 37. Qe3 {[%clk 0:27:59]} c4 {[%clk 0:07:48]} 38. Qa3
{[%clk 0:18:28]} Rd7 {[%clk 0:03:31]} 39. Qa2 {[%clk 0:16:39]} Qb6
{[%clk 0:02:06]} 40. Qa1 {[%clk 0:11:54]} Nxd5 {[%clk 0:01:11]} 41. Qe5
{[%clk 0:05:04]} Re7 {[%clk 0:23:59]} 42. Qf5 {[%clk 0:35:03]} Nxf4
{[%clk 0:20:23]} 43. Qc8+ {[%clk 0:30:47]} Kh7 {[%clk 0:20:47]} 44. Qxa8
{[%clk 0:30:44]} Nh3+ {[%clk 0:20:53]} 45. Kg2 {[%clk 0:30:54]} Ng5
{[%clk 0:20:59]} 46. Bd5 {[%clk 0:29:54]} c3 {[%clk 0:18:24]} 47. f4
{[%clk 0:22:08]} Ne4 {[%clk 0:18:14]} 48. Re1 {[%clk 0:18:16]} Qd4
{[%clk 0:04:30]} 49. Rxe4 {[%clk 0:18:18]} Qd1 {[%clk 0:04:04]} 50. Rxe7
{[%clk 0:07:03]} Qxc2+ {[%clk 0:04:25]} 51. Kh3 {[%clk 0:07:29]} Qf5+
{[%clk 0:02:12]} 52. g4 {[%clk 0:07:47]} Qd3+ {[%clk 0:01:07]} 53. Kh4
{[%clk 0:07:47]} c2 {[%clk 0:00:49]} 54. Rxf7 {[%clk 0:07:45]} c1=Q
{[%clk 0:00:34]} 55. Rxg7+ {[%clk 0:08:11]} Kxg7 {[%clk 0:00:58]} 56. Qg8+
{[%clk 0:08:37]} 1-0

[Event "Open Praha 2018 - A"]
[Site "?"]
[Date "2018.01.13"]
[Round "3"]
[White "Sergienko, Sergey"]
[Black "Ranaldi, Lucas"]
[Result "1-0"]
[BlackElo "2212"]
[WhiteElo "2329"]
[LiveChessVersion "1.4.8"]

1. Nf3 {[%clk 1:30:51]} c5 {[%clk 1:28:05]} 2. e4 {[%clk 1:30:46]} d6
{[%clk 1:27:43]} 3. Bb5+ {[%clk 1:31:06]} Nc6 {[%clk 1:27:20]} 4. O-O
{[%clk 1:31:19]} Bd7 {[%clk 1:27:44]} 5. Re1 {[%clk 1:30:25]} Nf6
{[%clk 1:28:03]} 6. h3 {[%clk 1:27:48]} a6 {[%clk 1:28:26]} 7. Bf1
{[%clk 1:28:11]} e5 {[%clk 1:28:51]} 8. c3 {[%clk 1:28:17]} g5 {[%clk 1:29:15]}
9. Nxg5 {[%clk 1:14:22]} Rg8 {[%clk 1:29:38]} 10. d4 {[%clk 1:14:44]} h6
{[%clk 1:03:21]} 11. Nf3 {[%clk 1:12:41]} Bxh3 {[%clk 1:03:36]} 12. dxe5
{[%clk 1:11:47]} Nxe5 {[%clk 0:56:50]} 13. Nxe5 {[%clk 1:03:17]} dxe5
{[%clk 0:57:17]} 14. Qxd8+ {[%clk 1:02:52]} Rxd8 {[%clk 0:56:39]} 15. Nd2
{[%clk 1:02:40]} Be6 {[%clk 0:44:24]} 16. Nc4 {[%clk 0:58:28]} Nd7
{[%clk 0:44:20]} 17. a4 {[%clk 0:51:31]} h5 {[%clk 0:41:35]} 18. Be3
{[%clk 0:38:10]} Be7 {[%clk 0:32:17]} 19. Rad1 {[%clk 0:34:47]} b6
{[%clk 0:18:56]} 20. Nd6+ {[%clk 0:25:19]} Bxd6 {[%clk 0:19:10]} 21. Rxd6
{[%clk 0:25:45]} Ke7 {[%clk 0:17:20]} 22. Red1 {[%clk 0:22:29]} Bg4
{[%clk 0:11:29]} 23. R1d5 {[%clk 0:16:54]} f6 {[%clk 0:06:04]} 24. Kh2
{[%clk 0:15:34]} Be6 {[%clk 0:01:07]} 25. Rd2 {[%clk 0:15:58]} c4
{[%clk 0:01:23]} 26. a5 {[%clk 0:10:09]} bxa5 {[%clk 0:01:21]} 27. Rxa6
{[%clk 0:10:14]} Ra8 {[%clk 0:01:17]} 28. Rxe6+ {[%clk 0:10:03]} Kxe6
{[%clk 0:01:46]} 29. Bxc4+ {[%clk 0:10:24]} Ke7 {[%clk 0:02:10]} 30. Bxg8
{[%clk 0:10:38]} Rxg8 {[%clk 0:02:38]} 31. Kh3 {[%clk 0:08:48]} a4
{[%clk 0:02:50]} 32. Rd5 {[%clk 0:07:26]} Rb8 {[%clk 0:02:27]} 33. Bc1
{[%clk 0:07:23]} a3 {[%clk 0:00:55]} 34. bxa3 {[%clk 0:06:51]} Rb3
{[%clk 0:01:24]} 35. Kh4 {[%clk 0:05:39]} Rxc3 {[%clk 0:01:26]} 36. Bd2
{[%clk 0:05:57]} Rc4 {[%clk 0:01:13]} 37. Bb4+ {[%clk 0:05:52]} Ke8
{[%clk 0:01:30]} 38. Kxh5 {[%clk 0:04:14]} Rxe4 {[%clk 0:01:51]} 39. f3
{[%clk 0:04:32]} Re2 {[%clk 0:01:09]} 40. Rd2 {[%clk 0:04:50]} Rxd2
{[%clk 0:00:40]} 41. Bxd2 {[%clk 0:05:13]} Kf7 {[%clk 0:24:26]} 42. a4
{[%clk 0:30:31]} Nc5 {[%clk 0:24:54]} 43. a5 {[%clk 0:30:53]} Na6
{[%clk 0:24:52]} 44. Be3 {[%clk 0:29:05]} Nb4 {[%clk 0:23:51]} 45. Bc5
{[%clk 0:25:17]} Na6 {[%clk 0:24:20]} 46. Bb6 {[%clk 0:25:38]} Nb4
{[%clk 0:23:25]} 47. g4 {[%clk 0:18:33]} Na6 {[%clk 0:05:53]} 48. Kh6
{[%clk 0:14:06]} Nb4 {[%clk 0:06:21]} 49. Bd8 {[%clk 0:12:41]} Na6
{[%clk 0:01:53]} 50. Bxf6 {[%clk 0:11:31]} 1-0

[Event "Open Praha 2018 - A"]
[Site "?"]
[Date "2018.01.13"]
[Round "3"]
[White "Kiriakov, Petr"]
[Black "Tarun, V Kanth"]
[Result "1-0"]
[BlackElo "2077"]
[WhiteElo "2528"]
[LiveChessVersion "1.4.8"]

1. d4 {[%clk 1:30:56]} d5 {[%clk 1:30:47]} 2. c4 {[%clk 1:31:18]} e6
{[%clk 1:31:11]} 3. Nc3 {[%clk 1:31:35]} Nf6 {[%clk 1:31:32]} 4. cxd5
{[%clk 1:31:40]} exd5 {[%clk 1:31:54]} 5. Bg5 {[%clk 1:32:05]} Be7
{[%clk 1:32:10]} 6. e3 {[%clk 1:32:11]} c6 {[%clk 1:32:31]} 7. Qc2
{[%clk 1:31:26]} Nbd7 {[%clk 1:32:51]} 8. Nf3 {[%clk 1:28:29]} O-O
{[%clk 1:25:41]} 9. Bd3 {[%clk 1:28:40]} Re8 {[%clk 1:25:16]} 10. O-O
{[%clk 1:28:58]} Nf8 {[%clk 1:15:42]} 11. h3 {[%clk 1:28:42]} Ng6
{[%clk 1:15:41]} 12. Rab1 {[%clk 1:17:28]} Be6 {[%clk 1:10:09]} 13. b4
{[%clk 1:16:14]} a6 {[%clk 1:09:37]} 14. Na4 {[%clk 1:08:44]} Ne4
{[%clk 1:07:53]} 15. Bxe7 {[%clk 1:08:11]} Rxe7 {[%clk 1:08:15]} 16. Nc5
{[%clk 1:07:38]} f5 {[%clk 1:02:08]} 17. a4 {[%clk 1:04:14]} Bf7 {[%clk 0:56:39]}
18. Rfc1 {[%clk 0:58:03]} Qd6 {[%clk 0:49:48]} 19. b5 {[%clk 0:54:07]} axb5
{[%clk 0:48:58]} 20. axb5 {[%clk 0:53:53]} b6 {[%clk 0:48:01]} 21. Na4
{[%clk 0:49:47]} cxb5 {[%clk 0:47:43]} 22. Bxb5 {[%clk 0:45:57]} f4
{[%clk 0:45:36]} 23. Qc6 {[%clk 0:33:19]} Rb8 {[%clk 0:43:08]} 24. Qxd6
{[%clk 0:28:38]} Nxd6 {[%clk 0:43:35]} 25. exf4 {[%clk 0:23:04]} Nxf4
{[%clk 0:41:54]} 26. Bf1 {[%clk 0:22:29]} Nc4 {[%clk 0:40:04]} 27. Nc3
{[%clk 0:22:20]} Rc7 28. g3 {[%clk 0:20:52]} Ng6 {[%clk 0:32:56]} 29. Nb5
{[%clk 0:20:27]} Re7 {[%clk 0:32:42]} 30. Rb4 {[%clk 0:19:17]} Rd8
{[%clk 0:30:05]} 31. Nc3 {[%clk 0:17:13]} Kf8 {[%clk 0:29:10]} 32. h4
{[%clk 0:16:49]} h5 {[%clk 0:28:43]} 33. Ng5 {[%clk 0:16:39]} Bg8
{[%clk 0:26:03]} 34. Be2 {[%clk 0:14:47]} Rde8 {[%clk 0:24:52]} 35. Bxh5
{[%clk 0:10:52]} Re1+ {[%clk 0:25:19]} 36. Rxe1 {[%clk 0:11:17]} Rxe1+
{[%clk 0:25:47]} 37. Kg2 {[%clk 0:11:37]} Ne7 {[%clk 0:25:44]} 38. Bf3
{[%clk 0:05:31]} g6 {[%clk 0:25:28]} 39. Ra4 {[%clk 0:04:33]} Kg7
{[%clk 0:25:37]} 40. Ra7 {[%clk 0:04:33]} Kf6 {[%clk 0:26:04]} 41. Rb7
{[%clk 0:02:45]} Ra1 {[%clk 0:25:38]} 42. Nb5 {[%clk 0:27:47]} Rb1
{[%clk 0:54:29]} 43. Nc7 {[%clk 0:27:46]} Nd6 {[%clk 0:54:31]} 44. Rb8
{[%clk 0:27:36]} Bf7 {[%clk 0:50:04]} 45. Rd8 {[%clk 0:27:08]} Nec8
{[%clk 0:50:31]} 46. Nxd5+ {[%clk 0:26:33]} Bxd5 {[%clk 0:50:49]} 47. Bxd5
{[%clk 0:27:01]} Ke7 {[%clk 0:51:14]} 48. Rg8 {[%clk 0:27:18]} Rd1
{[%clk 0:50:43]} 49. Be6 {[%clk 0:27:05]} 1-0

[Event "Open Praha 2018 - A"]
[Site "?"]
[Date "2018.01.13"]
[Round "3"]
[White "Solozhenkina, Elizaveta"]
[Black "Pena Gomez, Manuel"]
[Result "0-1"]
[BlackElo "2491"]
[WhiteElo "2190"]
[LiveChessVersion "1.4.8"]

1. e4 {[%clk 1:30:58]} c5 {[%clk 1:29:23]} 2. Nf3 {[%clk 1:31:23]} e6
{[%clk 1:29:40]} 3. d4 {[%clk 1:31:49]} cxd4 {[%clk 1:30:04]} 4. Nxd4
{[%clk 1:32:16]} Nc6 {[%clk 1:30:27]} 5. Nc3 {[%clk 1:32:38]} Qc7
{[%clk 1:30:51]} 6. Be3 {[%clk 1:33:01]} a6 {[%clk 1:31:10]} 7. Qf3
{[%clk 1:33:25]} Ne5 {[%clk 1:28:35]} 8. Qg3 {[%clk 1:33:40]} b5 {[%clk 1:28:56]}
9. O-O-O {[%clk 1:16:10]} Nf6 {[%clk 1:29:11]} 10. f3 {[%clk 1:14:21]} b4
{[%clk 1:08:21]} 11. Nb1 {[%clk 0:59:49]} Bb7 {[%clk 1:02:14]} 12. Nd2
{[%clk 0:57:10]} Rc8 {[%clk 1:01:24]} 13. Kb1 {[%clk 0:48:20]} d5
{[%clk 0:57:08]} 14. Bd3 {[%clk 0:40:59]} dxe4 {[%clk 0:49:29]} 15. fxe4
{[%clk 0:38:06]} Be7 {[%clk 0:42:17]} 16. Rhf1 {[%clk 0:25:56]} Nxd3
{[%clk 0:38:51]} 17. Qxc7 {[%clk 0:25:51]} Rxc7 {[%clk 0:39:19]} 18. cxd3
{[%clk 0:26:15]} O-O {[%clk 0:39:32]} 19. N2f3 {[%clk 0:24:13]} Rd8
{[%clk 0:28:37]} 20. Rfe1 {[%clk 0:19:30]} Rcd7 {[%clk 0:27:39]} 21. Kc2
{[%clk 0:17:00]} Nxe4 {[%clk 0:15:14]} 22. dxe4 {[%clk 0:16:54]} Bxe4+
{[%clk 0:15:26]} 23. Kb3 {[%clk 0:16:40]} Bxf3 {[%clk 0:15:45]} 24. gxf3
{[%clk 0:16:33]} Bf6 {[%clk 0:16:12]} 25. Kxb4 {[%clk 0:12:39]} e5
{[%clk 0:15:59]} 26. Rd3 {[%clk 0:10:54]} exd4 {[%clk 0:16:04]} 27. Bf2
{[%clk 0:11:12]} Rb7+ {[%clk 0:14:58]} 28. Ka3 {[%clk 0:11:05]} Be7+
{[%clk 0:09:03]} 29. Ka4 {[%clk 0:11:30]} Rxb2 {[%clk 0:04:52]} 30. Rxd4
{[%clk 0:07:06]} Rxa2+ {[%clk 0:04:54]} 31. Kb3 {[%clk 0:07:31]} Ra3+
{[%clk 0:05:17]} 32. Kc2 {[%clk 0:07:28]} Rc8+ {[%clk 0:05:41]} 33. Kb1
{[%clk 0:07:34]} Bf6 {[%clk 0:05:40]} 0-1

[Event "Open Praha 2018 - A"]
[Site "?"]
[Date "2018.01.13"]
[Round "3"]
[White "Vokoun, Jan"]
[Black "Jurcik, Marian"]
[Result "0-1"]
[BlackElo "2460"]
[WhiteElo "2172"]
[LiveChessVersion "1.4.8"]

1. Nf3 {[%clk 1:30:57]} d5 {[%clk 1:29:22]} 2. g3 {[%clk 1:31:18]} Nc6
{[%clk 1:27:25]} 3. d3 {[%clk 1:26:04]} e5 {[%clk 1:27:32]} 4. Nbd2
{[%clk 1:26:27]} Be6 {[%clk 1:26:02]} 5. e4 {[%clk 1:25:16]} d4 {[%clk 1:25:00]}
6. c3 {[%clk 1:19:39]} Bc5 {[%clk 1:16:40]} 7. Qa4 {[%clk 1:15:53]} dxc3
{[%clk 1:06:47]} 8. bxc3 {[%clk 1:14:44]} Qd7 {[%clk 1:07:08]} 9. Nb3
{[%clk 1:14:05]} Bb6 {[%clk 1:07:20]} 10. Ba3 {[%clk 1:07:12]} Bg4
{[%clk 1:03:39]} 11. Nfd2 {[%clk 1:05:02]} Nge7 {[%clk 0:47:08]} 12. h3
{[%clk 1:02:53]} Be6 {[%clk 0:43:44]} 13. Nc5 {[%clk 1:02:34]} Bxc5
{[%clk 0:42:15]} 14. Bxc5 {[%clk 1:03:01]} b6 {[%clk 0:36:20]} 15. Ba3
{[%clk 0:52:24]} a6 {[%clk 0:29:06]} 16. Nf3 {[%clk 0:50:59]} b5 {[%clk 0:25:20]}
17. Qc2 {[%clk 0:46:41]} O-O {[%clk 0:23:56]} 18. Ng5 {[%clk 0:37:31]} Rfd8
{[%clk 0:23:47]} 19. Bc5 {[%clk 0:34:13]} h6 {[%clk 0:21:19]} 20. Nxe6
{[%clk 0:33:15]} Qxe6 {[%clk 0:21:47]} 21. Bg2 {[%clk 0:29:48]} Na5
{[%clk 0:18:34]} 22. O-O {[%clk 0:29:44]} Nb7 {[%clk 0:18:56]} 23. Be3
{[%clk 0:24:30]} c5 {[%clk 0:19:24]} 24. Rab1 {[%clk 0:20:14]} Nc6
{[%clk 0:16:37]} 25. a3 {[%clk 0:20:28]} Rd6 {[%clk 0:13:54]} 26. f4
{[%clk 0:19:40]} Rad8 {[%clk 0:13:34]} 27. Rfd1 {[%clk 0:20:01]} Qd7
{[%clk 0:08:33]} 28. Bf1 {[%clk 0:11:53]} c4 {[%clk 0:08:55]} 29. Bb6
{[%clk 0:10:12]} cxd3 {[%clk 0:08:38]} 30. Qf2 {[%clk 0:09:55]} Re8
{[%clk 0:06:40]} 31. Qe3 {[%clk 0:09:47]} Nca5 {[%clk 0:03:38]} 32. Bxa5
{[%clk 0:05:32]} Nxa5 {[%clk 0:04:06]} 33. Rxd3 {[%clk 0:05:55]} Rxd3
{[%clk 0:02:36]} 34. Qxd3 {[%clk 0:05:30]} Qxd3 {[%clk 0:01:19]} 35. Bxd3
{[%clk 0:06:00]} Rc8 {[%clk 0:01:16]} 36. c4 {[%clk 0:03:43]} Nxc4
{[%clk 0:01:09]} 37. a4 {[%clk 0:04:10]} Rc5 {[%clk 0:00:35]} 38. axb5
{[%clk 0:04:17]} axb5 {[%clk 0:01:04]} 39. Kf2 {[%clk 0:02:12]} Kf8
{[%clk 0:00:52]} 40. fxe5 {[%clk 0:02:26]} Rxe5 {[%clk 0:00:49]} 41. Bxc4
{[%clk 0:02:31]} bxc4 {[%clk 0:00:46]} 42. Rb8+ {[%clk 0:02:10]} Ke7
{[%clk 0:00:34]} 43. Rc8 {[%clk 0:02:36]} Rxe4 {[%clk 0:00:52]} 44. Kf3
{[%clk 0:03:00]} Rd4 {[%clk 0:01:11]} 45. Ke3 {[%clk 0:01:53]} Rd3+
{[%clk 0:01:08]} 46. Kf4 {[%clk 0:02:17]} c3 {[%clk 0:29:46]} 47. h4
{[%clk 0:32:28]} Kd7 {[%clk 0:29:21]} 48. Rc4 {[%clk 0:31:10]} Kd6
{[%clk 0:28:38]} 49. g4 {[%clk 0:31:33]} Kd5 {[%clk 0:28:49]} 50. Rc7
{[%clk 0:31:01]} Rd4+ {[%clk 0:28:53]} 0-1